000 01303cam a22003014a 4500
005 20160802143330.0
008 040727s1996 py ab b 000 0 spa
040 _aDLC
_cDLC
_dDLC
_dCO-BoIAVH
041 0 _aspa
044 _apy
082 0 4 _a333.72082
_bR64m
245 0 3 _aEl rol de la mujer en la utilización de los recursos naturales en el Paraguay :
_bun enfoque multidisciplinario /
_cBlanca A. de Masulli [y otros 7].
260 _aAsunción, Paraguay :
_bUniversidad Nacional de Asunción,
_c[1996].
300 _a247 páginas :
_bilustraciones (algunas a color), mapas ;
_c27 x 19 cm.
504 _aIncluye referencias bibliográficas: páginas 237-247.
650 2 6 _aDesarrollo sostenible
_xMujeres
_zParaguay
650 2 6 _aConservación de los recursos
_xMujeres
_zParaguay
650 2 6 _aOrdenación de recursos naturales
_xMujeres
_zParaguay
650 2 6 _aRecursos naturales
_xMujeres
_zParaguay
700 1 _aMasulli, Blanca A. de.
_eautora
700 1 _aMereles, Fátima
_eautora
700 1 _aAquino, Aida Luz
_eautora
700 1 _aGamarra de Fox, Isabel
_eautora
700 1 _aRossato, Verónica
_eautora
700 1 _aSottoli, Susana
_eautora
700 1 _aVera Monge, Victor
_eautor
942 _2ddc
_cLIBRO
999 _c4573
_d4573